000 00480nam a2200157 a 4500
001 000023561
005 20200930022317.0
008 101213s1988 ag abch r 000 0 spa d
040 _aDO-SdBNP
_bspa
_cBNPHU
082 _annnn
_bZ38c
100 1 _aZaruj, David,
_d1914-
_948569
245 1 0 _aContando la historia de los árabes del mundo /
_cDavid Zaruj.
260 _aBuenos Aires :
_bLumen,
_c1988.
300 _a139, [4] p. :
_bil., retrs., fascs., mapas ;
_c28 cm.
049 _aBNGR
999 _c23057
_d23057